Diccionario sinónimos múltiples / (Registro nro. 62933)

Detalles MARC
000 -LEADER
campo de control de longitud fija 01031nam a2200265 a 4500
001 - NÚMERO DE CONTROL
campo de control C00282636c-7
003 - IDENTIFICADOR DE NÚMERO DE CONTROL
campo de control PE-LiUPU
005 - FECHA Y HORA DE LA ÚLTIMA TRANSACCIÓN
campo de control 20250602173023.0
007 - CAMPO FIJO DE DESCRIPCIÓN FÍSICA--INFORMACIÓN GENERAL
campo de control de longitud fija ta
008 - DATOS DE LONGITUD FIJA--INFORMACIÓN GENERAL
campo de control de longitud fija 100226s1964 per g 00010 spa
040 ## - FUENTE DE CATALOGACIÓN
Centro catalogador/agencia de origen PE-BnP
Lengua de catalogación spa
Centro/agencia transcriptor PE-LiUPU
Centro/agencia modificador PE-LiUPU
Normas de descripción rda
082 04 - NÚMERO DE LA CLASIFICACIÓN DECIMAL DEWEY
Número de clasificación 413.1
Número de edición 23
Cutter R934d
100 1# - ENTRADA PRINCIPAL--NOMBRE DE PERSONA
Nombre de persona Ruiz Cardenas, Alberto,
Fechas asociadas al nombre 1916-
Término indicativo de función/relación autor.
9 (RLIN) 5307
245 10 - MENCIÓN DEL TÍTULO
Título Diccionario sinónimos múltiples /
Mención de responsabilidad, etc. Alberto Ruiz Cárdenas.
250 ## - MENCION DE EDICION
Mención de edición Novena edicion, superior.
264 ## - PRODUCCIÓN, PUBLICACIÓN, DISTRIBUCIÓN, FABRICACIÓN Y COPYRIGHT
Producción, publicación, distribución, fabricación y copyright Lima, Perú :
Nombre del de productor, editor, distribuidor, fabricante EDICIONES "MUN" MOVIMIENTO UNIVERSIDAD NUEVA,
Fecha de producción, publicación, distribución, fabricación o copyright 1991.
300 ## - DESCRIPCIÓN FÍSICA
Extensión 618 p. ;
Dimensiones 22 cm.
583 ## - NOTA DE ACCIÓN
Acción Adq.
Código de identificación de la acción Compra
Fecha/hora de la acción 20030609
650 18 - PUNTO DE ACCESO ADICIONAL DE MATERIA--TÉRMINO DE MATERIA
Término de materia o nombre geográfico como elemento de entrada Enciclopedias y diccionarios.
650 28 - PUNTO DE ACCESO ADICIONAL DE MATERIA--TÉRMINO DE MATERIA
Término de materia o nombre geográfico como elemento de entrada Sinónimos.
942 ## - ELEMENTOS DE ENTRADA SECUNDARIOS (KOHA)
Fuente del sistema de clasificación o colocación Clasificación Decimal Dewey
Tipo de ítem Koha Libros físicos
980 ## - EQUIVALENCIA O REFERENCIA-CRUZADA-MENCIÓN DE SERIE--NOMBRE DE PERSONA/TÍTULO [LOCAL, CANADÁ]
ID del usuario creador del registro 21515
Nombre del creador del registro ROMINA COBOS Adquisiciones
ID del último usuario que modificó el registro 21515
Nombre del último usuario que modificó el registro ROMINA COBOS Adquisiciones

No hay ítems disponibles.